[Event "TCh-ISR 2008-9"]
[Site "Israel ISR"]
[Date "2009.01.09"]
[Round "5"]
[White "Tseitlin,Ma"]
[Black "Chernomordik,P"]
[Result "1/2-1/2"]
[WhiteElo "2437"]
[BlackElo "2302"]

1.e4 g6 2.d4 Bg7 3.Nc3 d6 4.f4 e6 5.Nf3 Ne7 6.Bd3 Nd7 7.O-O b6 8.Qe1 Bb7
9.Be3 a6 10.f5 e5 11.dxe5 Nxe5 12.Nxe5 Bxe5 13.Bc4 gxf5 14.Qh4 Ng6 15.Qxd8+ Rxd8
16.Rxf5 O-O 17.Raf1 Rd7 18.Bd5 c6 19.Bc4 b5 20.Bd3 Bc8 21.h3 Re7 22.Rh5 Bg7
23.Nd1 Be6 24.b3 Bc8 25.g4 c5 26.Bg5 Re5 27.Bd2 Bb7 28.Ne3 Bxe4 29.Nf5 Bxd3
30.cxd3 Re2 31.Bh6 Bxh6 32.Nxh6+ Kg7 33.Nf5+ Kg8 34.Nxd6 Rxa2 35.Ne4 Rd8
36.Nf6+ Kf8 37.Nxh7+ Kg7 38.Ng5 Rxd3 39.Rxf7+ Kg8 40.Rh6 Ne5 41.Rf2 Rg3+
42.Kh2 Rxf2+ 43.Kxg3 Rb2 44.Kf4 Nf7 45.Rxa6 Nxg5 46.Kxg5 Rxb3 47.h4 Rd3 48.h5 Rd8
49.Rb6 b4 50.h6 Rc8 51.Kg6 c4 52.Rxb4 Rc6+ 53.Kh5 c3 54.Rb8+ Kh7 55.g5 Rc5
56.Rb7+ Kh8 57.Rb8+ Kh7 58.Rb7+ Kh8 59.Kg6 Rc6+ 60.Kf7 c2 61.Rb8+ Kh7 62.g6+ Kxh6
63.Rh8+ Kg5 64.g7 Rc7+ 65.Ke6 Rxg7 66.Rc8  1/2-1/2

[Event "Paul Keres Mem Prelim"]
[Site "Tallinn EST"]
[Date "2009.01.09"]
[Round "3"]
[White "Ristoja,J"]
[Black "Shvyrjov,I"]
[Result "0-1"]
[WhiteElo "2288"]
[BlackElo "2466"]

1.e4 g6 2.d4 Bg7 3.Nc3 d6 4.h3 c6 5.a4 Nd7 6.Nge2 e5 7.Be3 Ngf6 8.g3 O-O
9.Bg2 Re8 10.O-O a5 11.Re1 Qc7 12.Qd2 exd4 13.Nxd4 Ne5 14.b3 Ned7 15.f4 Nc5
16.Bf2 Bd7 17.Rad1 Rad8 18.Re2 Bc8 19.Qe1 Nfd7 20.Kh1 Qb6 21.Nb1 Nf8 22.Na3 Qc7
23.Nc4 Nxe4 24.Rxe4 Rxe4 25.Bxe4 d5 26.Nxc6 Re8 27.Rxd5 bxc6 28.Re5 Bxe5
29.fxe5 Bxh3 30.Bb6 Qd7 31.Bxa5 Bf5 32.Bg2 Bxc2 33.Qc3 Qd1+ 34.Kh2 Bxb3 35.Nd6 Re7
36.Ne4 Qh5+ 37.Kg1 Qxe5 38.Qxe5 Rxe5 39.Bc3 Rxe4 40.Bxe4 Bxa4 41.Kf2 f5 42.Bd3 Bb5
43.Bc2 Bc4 44.Ke3 Ne6 45.Ba4 Bd5  0-1

[Event "Australian Open"]
[Site "Manly Sydney AUS"]
[Date "2009.01.10"]
[Round "10"]
[White "Stojic,D"]
[Black "Sheldrick,K"]
[Result "1-0"]
[WhiteElo "2219"]
[BlackElo "2161"]

1.e4 d6 2.d4 g6 3.Nc3 Bg7 4.Nf3 a6 5.a4 Nf6 6.Bc4 O-O 7.Qe2 Nc6 8.Bg5 h6
9.Bf4 g5 10.Be3 g4 11.Nd2 e5 12.dxe5 dxe5 13.O-O Nh5 14.Nb3 Nf4 15.Qd2 Qxd2
16.Bxd2 Be6 17.Bxe6 Nxe6 18.Nd5 Ncd4 19.Nxd4 Nxd4 20.Bb4 Rfd8 21.c3 Nc2 22.Rad1 Nxb4
23.Nxb4 c6 24.Nc2 h5 25.Ne3 b5 26.axb5 axb5 27.Rxd8+ Rxd8 28.Rd1 Ra8 29.Kf1 Ra2
30.Rb1 Bf8 31.Nc2 Kg7 32.Ke2 Kf6 33.f3 gxf3+ 34.Kxf3 Ke6 35.Ne1 c5 36.Nc2 b4
37.c4 f5 38.exf5+ Kxf5 39.Ne3+ Ke6 40.Ke4 Ra7 41.Rf1 Rf7 42.Rxf7 Kxf7 43.b3 Ke6
44.Nf5 Kf6 45.h3 Ke6 46.Ng3 Bh6 47.Nxh5 Bc1 48.Ng7+ Kf7 49.Nf5 Ke6 50.Nh4 Bf4
51.Nf3 Bg3 52.h4 Bf4 53.g4 Bg3 54.g5 Bf4 55.h5 Bc1 56.h6 Kf7 57.Nxe5+ Kg8
58.Kf5 Bd2 59.Kg6 Kf8 60.h7  1-0

[Event "7th Parsvnath Open"]
[Site "New Delhi IND"]
[Date "2009.01.11"]
[Round "2"]
[White "Preethi,R"]
[Black "Murshed,N"]
[Result "0-1"]
[WhiteElo "2140"]
[BlackElo "2429"]

1.e4 g6 2.d4 Bg7 3.Nc3 d6 4.Bc4 a6 5.a4 Nc6 6.Be3 Nf6 7.h3 O-O 8.Nf3 Nb4
9.Qd2 a5 10.Bb3 b6 11.e5 Ne8 12.Nd5 Bb7 13.Nxb4 Bxf3 14.gxf3 axb4 15.e6 f5
16.Qxb4 f4 17.Bd2 c5 18.dxc5 dxc5 19.Qc4 Nd6 20.Qe2 Bxb2 21.Rd1 Bg7 22.Rg1 Rf5
23.Kf1 Qc8 24.c4 Re5 25.Qd3 Qxe6 26.Bxf4 Qxh3+ 27.Rg2 Rf5 28.Re1 Raf8 29.Bg3 Rxf3
30.Re3 Qh1+ 31.Rg1 Rxe3 32.Qxe3 Qe4 33.Qxe4 Nxe4 34.Bc2 Nxg3+ 35.Rxg3 Bd4
36.f3 Be5 37.Rh3 Rd8 38.Ke2 Kg7 39.Rh1 Rd4 40.Bd3 h5 41.Rg1 Rd6 42.Rh1 Bf4
43.Rh4 Bg3 44.Rh1 Kf6 45.Rg1 h4 46.Rh1 Ke5  0-1

[Event "6th ch-Mediterranean"]
[Site "Antalya TUR"]
[Date "2009.01.13"]
[Round "5"]
[White "Sanal,V"]
[Black "Drljevic,L"]
[Result "1-0"]
[WhiteElo "1873"]
[BlackElo "2244"]

1.e4 d6 2.d4 g6 3.Nc3 Bg7 4.f4 Nf6 5.Nf3 O-O 6.Bd3 Na6 7.O-O c5 8.d5 Bg4
9.Kh1 Rb8 10.a3 Nc7 11.Qe1 Bxf3 12.Rxf3 b5 13.Qh4 e6 14.dxe6 fxe6 15.f5 c4
16.Be2 gxf5 17.exf5 e5 18.g4 Qd7 19.g5 Nfe8 20.f6 Qc6 21.Qh5 Nxf6 22.gxf6 Rxf6
23.Bg5 Rg6 24.Rg1 d5 25.Rh3 h6 26.Bc1 Rxg1+ 27.Kxg1 Qb6+ 28.Kg2 Rf8 29.Rf3 Rxf3
30.Qxf3 Qa6 31.Qg3 Qc6 32.Qg4 a5 33.Qc8+ Kh7 34.Bg4 Bf6 35.Qf8 Kg6 36.h4 h5
37.Bxh5+ Kxh5 38.Qf7+ Kg4 39.Qg6+ Kxh4 40.Qh6+  1-0

[Event "Open A"]
[Site "Prague CZE"]
[Date "2009.01.13"]
[Round "6"]
[White "Welz,P"]
[Black "Gorin,A1"]
[Result "0-1"]
[WhiteElo "2232"]
[BlackElo "2004"]

1.e4 g6 2.d4 Bg7 3.Nc3 d6 4.f4 Nc6 5.Be3 Nf6 6.h3 O-O 7.g4 e5 8.dxe5 dxe5
9.f5 Qxd1+ 10.Rxd1 gxf5 11.exf5 Nd4 12.Bxd4 exd4 13.Rxd4 Re8+ 14.Kf2 Bf8
15.Rc4 c6 16.Bg2 Bd7 17.Nge2 Re5 18.Rd1 Rae8 19.Ng3 b5 20.Nce4 Nd5 21.Rxd5 cxd5
22.Nf6+ Kh8 23.Rc7 Rc8 24.Rxd7 Be7 25.Nxd5 Rxc2+ 26.Kf3 Bh4 27.f6 h5 28.gxh5 Bxg3
29.Ne7 Bh4 30.Rd8+ Kh7 31.Bf1 Rf2+ 32.Kg4 Re4+  0-1

[Event "Bela Perenyi Mem"]
[Site "Budapest HUN"]
[Date "2009.01.15"]
[Round "7"]
[White "Suhajda,A"]
[Black "Kiss,Pa2"]
[Result "1/2-1/2"]
[WhiteElo "1644"]
[BlackElo "2027"]

1.d4 g6 2.e4 Bg7 3.Nc3 d6 4.Be3 Nf6 5.f3 O-O 6.Qd2 c6 7.Bd3 Nbd7 8.Nge2 e5
9.g4 exd4 10.Bxd4 Ne5 11.Bxe5 dxe5 12.Qe3 Qb6 13.Qxb6  1/2-1/2

[Event "6th ch-Mediterranean"]
[Site "Antalya TUR"]
[Date "2009.01.17"]
[Round "9"]
[White "Georgiadis,I"]
[Black "Parligras,M"]
[Result "1/2-1/2"]
[WhiteElo "2383"]
[BlackElo "2605"]

1.e4 g6 2.d4 Bg7 3.Nc3 d6 4.f4 a6 5.Nf3 b5 6.Bd3 Nd7 7.Ne2 c5 8.c3 Bb7 9.O-O Qb6
10.Kh1 Ngf6 11.Ng3 e5 12.fxe5 dxe5 13.d5 c4 14.Bc2 Ng4 15.Qe2 h5 16.Ng5 Ndf6
17.Rf3 Bf8 18.Nf1 Bc5 19.Ne3 Bc8 20.Bd2 Nxe3 21.Bxe3 Bxe3 22.Rxe3 Ng4 23.Rf3 f6
24.Nh3 Ra7 25.Raf1 O-O 26.Qd2 Raf7 27.Ng1 Kg7 28.h3 Bd7 29.g3 Nh6 30.R3f2 Ng8
31.Kg2 Ne7 32.Nf3 g5 33.h4 g4 34.Ne1 Qd6 35.Kg1 Qb6 36.Kh2 Nc8 37.Ng2 Qd6
38.Ne3 Ne7 39.b3 cxb3  1/2-1/2

[Event "Open"]
[Site "Marianske Lazne CZE"]
[Date "2009.01.17"]
[Round "1"]
[White "Zdrazil,B"]
[Black "Golcman,E"]
[Result "0-1"]
[WhiteElo "1919"]
[BlackElo "2299"]

1.e4 g6 2.d4 Bg7 3.Nc3 d6 4.Be3 Nf6 5.h3 c6 6.Be2 Qa5 7.Qd2 b5 8.Bf3 O-O
9.Nge2 Nbd7 10.e5 dxe5 11.Bxc6 Rb8 12.d5 b4 13.Na4 Bb7 14.b3 Rfd8 15.Bxb7 Rxb7
16.Rd1 Ne4 17.Qd3 Ndf6 18.O-O Rxd5 19.Qc4 Nd6 20.Qc6 Rc7 21.Qa8+ Rc8 22.Qxa7 Qxa7
23.Bxa7 Rxc2 24.Rxd5 Nxd5 25.Rd1 e6 26.Nc1 h6 27.Nd3 e4 28.Ndb2 Nb5 29.Bb8 Nbc3
30.Re1 f5 31.Be5 Nxa2 32.Ra1 e3 33.fxe3 Nc1 34.Nc4 Nxb3  0-1

[Event "IMA"]
[Site "Marianske Lazne CZE"]
[Date "2009.01.18"]
[Round "2"]
[White "Krupa,M"]
[Black "Kersten,U"]
[Result "1-0"]
[WhiteElo "2215"]
[BlackElo "2259"]

1.e4 g6 2.d4 Bg7 3.Nc3 d6 4.Nf3 a6 5.Be3 b5 6.a4 b4 7.Na2 a5 8.Nd2 Nf6 9.f3 O-O
10.Nc1 Nfd7 11.Ncb3 c5 12.Nc4 cxd4 13.Bxd4 Bh6 14.h4 Nc6 15.h5 Nxd4 16.Nxd4 Bg7
17.hxg6 hxg6 18.Nc6 Qe8 19.Nxd6 exd6 20.Qxd6 Be5 21.Ne7+ Kg7 22.Nf5+ Kg8
23.Qd2 Nf6 24.Qh6 Nh5 25.Rxh5 gxh5 26.Qg5+ Kh8 27.Qxh5+ Kg8 28.Qg5+ Kh7 29.Bb5 Qd8
30.Qh5+ Kg8 31.Qg4+ Kh8 32.Ke2 Bxf5 33.Rh1+ Bh7 34.Qf5 Kg7 35.Qxh7+ Kf6 36.Qf5+ Kg7
37.Qxe5+ f6 38.Qg3+ Kf7 39.Rh7+ Ke6 40.Bc4+  1-0

[Event "LIX Verano Open"]
[Site "Villa Ballester ARG"]
[Date "2009.01.19"]
[Round "1"]
[White "Schiavello,R"]
[Black "Montaner,L"]
[Result "1/2-1/2"]
[WhiteElo "1808"]
[BlackElo "2205"]

1.e4 g6 2.d4 Bg7 3.Nc3 d6 4.Be3 Nf6 5.Nf3 O-O 6.Be2 Nc6 7.O-O Bg4 8.h3 Bxf3
9.Bxf3 e5 10.d5 Ne7 11.Qd2 Ne8 12.Be2 f5 13.f3 f4 14.Bf2 g5 15.Bd3 Ng6 16.Ne2 Qd7
17.Be1 h5 18.Kh2 g4 19.Ng1 Nf6 20.Qe2 Bh6 21.b4 Rf7 22.Bb5 Qe7 23.Bd3 Rg7
24.c4 b6 25.a4 Rf8 26.a5 gxf3 27.Nxf3 Ng4+ 28.Kh1 Ne3 29.Rg1 Nh8 30.Nh4 Qg5
31.Nf3 Qe7 32.Nh4 Qg5  1/2-1/2

[Event "GM"]
[Site "Marianske Lazne CZE"]
[Date "2009.01.20"]
[Round "5"]
[White "Dobrowolski,P"]
[Black "Vokac,M"]
[Result "1/2-1/2"]
[WhiteElo "2421"]
[BlackElo "2454"]

1.e4 g6 2.d4 Bg7 3.Nc3 d6 4.f4 a6 5.Nf3 Nd7 6.Bc4 e6 7.f5 Nb6 8.Bd3 exf5
9.exf5 Ne7 10.fxg6 hxg6 11.Bg5 f6 12.Bd2 Bf5  1/2-1/2

[Event "Queenstown Classic"]
[Site "Queenstown NZL"]
[Date "2009.01.20"]
[Round "6"]
[White "Flitney,A"]
[Black "Tsagarakis,A"]
[Result "1/2-1/2"]
[WhiteElo "1990"]
[BlackElo "1927"]

1.e4 g6 2.d4 Bg7 3.Nc3 d6 4.Be3 c6 5.Qd2 b5 6.O-O-O a5 7.Nf3 Ba6 8.Bd3 b4
9.Ne2 Bxd3 10.Qxd3 a4 11.Qc4 Qb6 12.Ng5 Nh6 13.h4 Nd7 14.h5 Qb5 15.Qxb5 cxb5
16.hxg6 hxg6 17.f3 O-O 18.Ne6 fxe6 19.Bxh6 Rfc8 20.Bxg7 Kxg7 21.Kb1 e5 22.dxe5 Nxe5
23.Nf4 Nc6 24.Rh3 b3 25.cxb3 axb3 26.axb3 Nb4 27.Nd5 Nc2 28.Nc3 Ne3 29.Rdh1 b4
30.Rh7+ Kf6 31.Nd5+ Nxd5 32.exd5 Ra5 33.Re1 Rxd5 34.Rhxe7 Rd2 35.R7e2 Rcc2
36.Rxd2 Rxd2 37.Re4 Rxg2 38.Rxb4 Rf2 39.Rd4 Ke5 40.Rd3 d5 41.b4 Kd6 42.Ka2 Kc6
43.Ka3 Re2 44.Kb3 g5 45.Kc3 Rg2 46.b5+ Kc5 47.b6 Kxb6 48.Rxd5 g4 49.fxg4 Rxg4
50.b4 Kc6 51.Rc5+ Kb6 52.Kb3 Rh4 53.Rg5 Rh3+ 54.Ka4 Rh6 55.Rb5+  1/2-1/2

[Event "Open"]
[Site "Marianske Lazne CZE"]
[Date "2009.01.24"]
[Round "8"]
[White "Hantak,A"]
[Black "Hastik,S"]
[Result "1-0"]
[WhiteElo "2112"]
[BlackElo "2119"]

1.e4 g6 2.d4 Bg7 3.Nc3 d6 4.Be3 c6 5.h3 Nd7 6.Nf3 b5 7.Bd3 a6 8.Ne2 Nb6 9.O-O Nf6
10.c3 O-O 11.b3 d5 12.e5 Nfd7 13.Qd2 e6 14.Bg5 f6 15.exf6 Bxf6 16.Bf4 c5
17.Rae1 c4 18.Bb1 Qe7 19.Ng3 Re8 20.Re2 Nf8 21.Rfe1 a5 22.h4 b4 23.h5 bxc3
24.Qxc3 cxb3 25.axb3 Ba6 26.Ra2 Qb4 27.Qxb4 axb4 28.hxg6 hxg6 29.Bd6 Nbd7
30.Bc2 Bb5 31.Rea1 Rac8 32.Bxb4 e5 33.dxe5 Nxe5 34.Rd1 Nxf3+ 35.gxf3 Be2
36.Rxd5 Bxf3 37.Rd3 Ba8 38.Re3 Be5 39.Kf1 Bc6 40.Bd3 Bf4 41.Bc4+ Kg7 42.Ra7+ Kh6
43.Rxe8 Rxe8 44.Rf7 Ne6 45.Bxe6 Bxg3 46.Bd2+ g5 47.Bf5  1-0

[Event "68th ch-GEO"]
[Site "Tbilisi GEO"]
[Date "2009.01.24"]
[Round "7"]
[White "Azaladze,S"]
[Black "Arutinian,D"]
[Result "1/2-1/2"]
[WhiteElo "2402"]
[BlackElo "2586"]

1.d4 g6 2.e4 Bg7 3.Nc3 d6 4.Nge2 c6 5.a4 Nf6 6.g3 O-O 7.Bg2 e5 8.O-O a5 9.h3 Qc7
10.Be3 Na6 11.Qd2 Re8 12.g4 Nb4 13.d5 Bd7 14.Ng3 Re7 15.Bg5 Qb6 16.Qe3 Qd8
17.Rac1 Rc8 18.Rfd1 Ne8 19.Bxe7 Qxe7 20.Qb6 Ra8 21.Nf1 Bh6 22.Ne3 Ra6 23.Qxb7 Bxe3
24.fxe3 Qd8 25.Rf1 Rb6 26.Qa7 Ra6 27.Qb7 Rb6 28.Qa7 Ra6 29.Qb7  1/2-1/2

[Event "TCh-HUN 2008-9"]
[Site "Budapest HUN"]
[Date "2009.01.25"]
[Round "6"]
[White "Palkovi,J"]
[Black "Parkanyi,A"]
[Result "1/2-1/2"]
[WhiteElo "2431"]
[BlackElo "2361"]

1.e4 g6 2.d4 Bg7 3.Nc3 d6 4.g3 Nd7 5.Bg2 c5 6.Nge2 cxd4 7.Nxd4 Ngf6 8.O-O O-O
9.h3 Rb8 10.a4 Ne5 11.Nd5 Ned7 12.c4 a6 13.b3 Nc5 14.Nc3 Bd7 15.Be3 Qa5 16.Qc2 Ne6
17.Nde2 Rbc8 18.Ra2 Bc6 19.Qb1 Qd8 20.a5 Qc7 21.Rc1 Qb8 22.Nd5 Bxd5 23.exd5 Nc7
24.Nd4 e6 25.dxe6 fxe6 26.Rd2 Rfe8 27.Re1 Rcd8 28.Nf3 Rd7 29.Bb6 Na8 30.Bd4 Qd8
31.Qa1 e5 32.Bc3 Nc7 33.Ng5 Nfd5 34.Bxd5+ Nxd5 35.Rxd5 Qxg5 36.Qd1 Qe7 37.Bxe5 Bxe5
38.Rexe5 Qxe5 39.Rxe5 Rxe5 40.Qg4 Rf7 41.Qc8+ Kg7 42.Qg4 Rxa5 43.Qd4+ Kg8
44.Qxd6 Ra1+ 45.Kg2 Ra2 46.Qd8+  1/2-1/2

[Event "1st Open"]
[Site "Gurgon IND"]
[Date "2009.01.27"]
[Round "8"]
[White "Sethuraman,S"]
[Black "Ramnathan,B"]
[Result "1-0"]
[WhiteElo "2415"]
[BlackElo "2282"]

1.e4 d6 2.d4 g6 3.Nc3 Bg7 4.Be3 Nd7 5.Qd2 e5 6.O-O-O Ngf6 7.f3 c6 8.h4 O-O
9.g4 Qc7 10.dxe5 dxe5 11.h5 b5 12.Bh6 Re8 13.Bxg7 Kxg7 14.hxg6 fxg6 15.Qh6+ Kg8
16.g5 Nh5 17.Bxb5 cxb5 18.Nd5 Qd8 19.Rxh5 gxh5 20.Nf6+ Nxf6 21.Rxd8 Rxd8
22.gxf6 Rd7 23.Nh3 Bb7 24.Qg5+ Kf8 25.Qxe5 Rad8 26.b3 Re8 27.Qxh5 Rc8 28.Qh6+ Ke8
29.Ng5 Rc6 30.f7+ Rxf7 31.Qh5  1-0

[Event "7th Gibtelecom Masters"]
[Site "Caleta ENG"]
[Date "2009.01.29"]
[Round "3"]
[White "Forsaa,E"]
[Black "Fairbairn,S"]
[Result "0-1"]
[WhiteElo "2322"]
[BlackElo "2068"]

1.d4 d6 2.e4 g6 3.Nc3 Bg7 4.g3 Nf6 5.Bg2 O-O 6.h3 Nbd7 7.Nge2 c5 8.O-O Rb8
9.Kh2 b6 10.f4 cxd4 11.Nxd4 Bb7 12.Re1 Ne8 13.b3 a6 14.Bb2 e6 15.Qd2 Qc7
16.Rac1 Nef6 17.Re3 Rfd8 18.Nd1 Rbc8 19.c4 Qb8 20.Nc3 Nc5 21.b4 Ncd7 22.Bf1 Qa8
23.Rce1 Ne8 24.Nb3 Qb8 25.Qf2 Qc7 26.Rd1 Nb8 27.a3 Nd7 28.Rc1 Qb8 29.Bd3 Nef6
30.Re2 Ne8 31.Rec2 Qa8 32.Re2 Qb8 33.Qe3 Qc7 34.Rec2 Qb8 35.Nd4 Nef6 36.Na4 Ne8
37.f5 exf5 38.exf5 Nef6 39.fxg6 hxg6 40.Qg5 Ne5 41.Be2 Be4 42.Rd2 Ba8 43.Rdc2 Qb7
44.Rg1 b5 45.cxb5 Rxc2 46.Nxc2 Nf3+ 47.Bxf3 Qxf3 48.Qe3 axb5 49.Qxf3 Bxf3
50.Nd4 bxa4 51.Nxf3 Ng4+ 52.hxg4 Bxb2 53.Rb1 Bxa3 54.Nd4 Rc8 55.Nb5 Rc2+
56.Kh3 Bb2 57.g5 a3 58.Nxa3 Bxa3 59.b5 Rb2 60.Ra1 Bc5 61.Ra8+ Kg7 62.Rb8 Rb4  0-1

[Event "7th Gibtelecom Masters"]
[Site "Caleta ENG"]
[Date "2009.01.29"]
[Round "3"]
[White "Hammer,J"]
[Black "Nithander,V"]
[Result "1/2-1/2"]
[WhiteElo "2532"]
[BlackElo "2369"]

1.e4 g6 2.d4 Bg7 3.Nc3 d6 4.Be3 a6 5.a4 b6 6.g3 Nd7 7.Bg2 Rb8 8.Nge2 c5 9.O-O Ngf6
10.h3 O-O 11.a5 cxd4 12.Nxd4 Bb7 13.axb6 Nxb6 14.b3 Qc7 15.Nde2 Rfc8 16.Qd2 Nfd7
17.Bd4 Bxd4 18.Qxd4 Qc5 19.Qd2 Nf6 20.Rfc1 Rc7 21.Na4 Nxa4 22.Rxa4 Rbc8 23.Nf4 Qc3
24.Qxc3 Rxc3 25.e5 Bxg2 26.exf6 Bc6 27.Rxa6 exf6 28.Ne2 Bb5 29.Nxc3 Bxa6
30.Ne4 Kg7 31.c4 d5 32.Nd6 Rb8 33.c5 Rxb3 34.c6 d4 35.c7 d3 36.Ra1 d2 37.Nc4 Rc3
38.Nxd2 Bb7 39.Kh2 Rxc7 40.Ra7 Rc2 41.Rxb7 Rxd2 42.Kg2 f5 43.h4 Ra2 44.Kg1 f4
45.gxf4 Ra4 46.Kg2 Rxf4 47.Kg3 Rf5 48.f3 h5 49.Ra7 Kh6 50.Ra6 Re5 51.Ra7 Kg7
52.Kf4 Re1 53.Kg3 Kf6 54.Ra6+ Kf5 55.Ra5+ Re5 56.Ra7 f6 57.Rh7 Re1 58.Rh8 Rh1
59.Rh7 Rg1+ 60.Kf2 Ra1 61.Kg3 Ra8 62.Rb7 Re8 63.Rb5+ Re5 64.Rb8 g5 65.hxg5 fxg5
66.Rf8+ Kg6 67.f4 gxf4+  1/2-1/2

[Event "7th Gibtelecom Masters"]
[Site "Caleta ENG"]
[Date "2009.02.01"]
[Round "6"]
[White "Mundaca,J"]
[Black "Mozelius,P"]
[Result "1/2-1/2"]
[WhiteElo "2105"]
[BlackElo "1916"]

1.d4 g6 2.e4 Bg7 3.Nc3 d6 4.f4 a6 5.Nf3 b5 6.a3 Nd7 7.Be3 Bb7 8.Be2 Rc8 9.O-O c5
10.e5 cxd4 11.Bxd4 dxe5 12.fxe5 e6 13.Kh1 Ne7 14.Bd3 O-O 15.Ne4 Bxe4 16.Bxe4 Nc6
17.Bc3 Qc7 18.Bxc6 Qxc6 19.Qe2 Nb6 20.Bb4 Rfd8 21.c3 Rd7 22.Rad1 Rcd8 23.Rd6 Rxd6
24.Bxd6 Rd7 25.Nd4 Qb7 26.Re1 Nc4 27.Nb3 Qc6 28.Nd4 Qb7 29.Nb3 Qc6 30.Nd4  1/2-1/2

[Event "Arcapita Open"]
[Site "Manama BHN"]
[Date "2009.02.01"]
[Round "8"]
[White "Kasparov,S"]
[Black "Shoker,S"]
[Result "1/2-1/2"]
[WhiteElo "2488"]
[BlackElo "2399"]

1.e4 g6 2.d4 Bg7 3.Nc3 d6 4.Nge2 Nf6 5.g3 b5 6.e5 dxe5 7.dxe5 Qxd1+ 8.Nxd1 Nd5
9.Bg2 c6 10.f4 f6 11.exf6 Bxf6 12.c3 Na6 13.Be3 Bb7 14.Bxd5 cxd5 15.Bd4 b4
16.O-O Kf7 17.Ne3 Rhd8 18.Rac1 bxc3 19.Rxc3 Rac8 20.Rfc1 Nb4 21.Rxc8 Rxc8
22.Rxc8 Bxc8 23.Bxf6 Kxf6 24.a3 Nd3 25.b4 Bb7 26.Nd4 h5 27.Kf1 e5 28.fxe5+ Kxe5
29.Nec2 Ke4 30.Ke2 Ne5 31.b5 Bc8 32.Kd2 a6 33.a4 axb5 34.axb5 g5 35.Kc3 g4
36.Nb4 Nf3 37.Ndc6 Nxh2 38.b6 h4 39.gxh4 g3 40.Nd4 Bb7  1/2-1/2

[Event "TCh-BEL 2008-9"]
[Site "Belgium BEL"]
[Date "2009.02.02"]
[Round "8"]
[White "Donovan,L"]
[Black "Vandenbussche,T"]
[Result "1-0"]
[WhiteElo "2159"]
[BlackElo "2285"]

1.e4 g6 2.d4 Bg7 3.Nc3 d6 4.Be3 a6 5.Qd2 Nd7 6.f3 b5 7.Nge2 Bb7 8.g4 c5 9.a4 b4
10.Nd1 Qc7 11.c3 bxc3 12.bxc3 h5 13.gxh5 Rxh5 14.Ng3 Rh8 15.Kf2 d5 16.e5 f6
17.Bd3 fxe5 18.Bxg6+ Kf8 19.Rb1 e6 20.Qb2 Rb8 21.Qa3 exd4 22.cxd4 Ne7 23.Bd3 cxd4
24.Bd2 Ne5 25.Rc1 Nxd3+ 26.Qxd3 Qd6 27.f4 Kf7 28.Kg2 Rh4 29.Nf2 Rbh8 30.h3 a5
31.Bxa5 Ba6 32.Bc7 Bxd3 33.Bxd6 Bc4 34.Ng4 Rd8 35.Be5 Nc6 36.Bxg7 Kxg7 37.Rhe1 Kf7
38.f5 Re8 39.fxe6+ Rxe6 40.Nf5  1-0

[Event "Open A"]
[Site "Moscow RUS"]
[Date "2009.02.02"]
[Round "3"]
[White "Inarkiev,E"]
[Black "Belov,Ig1"]
[Result "1-0"]
[WhiteElo "2656"]
[BlackElo "2460"]

1.e4 d6 2.d4 g6 3.Nc3 Bg7 4.Be3 c6 5.f4 b5 6.Bd3 Nd7 7.Nf3 e5 8.Qd2 Ngf6
9.fxe5 dxe5 10.d5 cxd5 11.Nxd5 Nxd5 12.exd5 O-O 13.Bxb5 Rb8 14.Bc4 Nb6 15.Bb3 Ba6
16.Bh6 Nc4 17.Bxc4 Bxc4 18.Bxg7 Kxg7 19.O-O-O f6 20.b3 Qd6 21.Qa5 Ba6 22.Nd2 f5
23.c4 Rfc8 24.Qc3 Kg8 25.Kb2 Rc7 26.g4 Bc8 27.Rhe1 e4 28.gxf5 Bxf5 29.Nxe4 Bxe4
30.Rxe4 Qxh2+ 31.Rd2 Qh1 32.Qe5 a6  1-0

[Event "7th Gibtelecom Masters"]
[Site "Caleta ENG"]
[Date "2009.02.03"]
[Round "8"]
[White "Hommeles,T"]
[Black "Malmdin,N"]
[Result "1/2-1/2"]
[WhiteElo "2410"]
[BlackElo "2256"]

1.e4 g6 2.d4 Bg7 3.Nc3 d6 4.Nf3 a6 5.a4 Nf6 6.Be2 O-O 7.O-O b6 8.Re1 Bb7
9.Bf1 Nc6 10.Bg5 h6 11.Bh4 g5 12.Bg3 Nh5 13.d5 Nb8 14.Nd4 Nxg3 15.hxg3 Bc8
16.Bc4 Bd7 17.f4 c5 18.Nf3 gxf4 19.gxf4 Bg4 20.Qd3 Nd7 21.Nh2 Bd4+ 22.Kh1 f5
23.Qg3 Kh8 24.Nxg4 fxg4 25.Qxg4 Rg8 26.Qh3 Rg7 27.Ne2 Bxb2 28.Rad1 b5 29.axb5 Nb6
30.Ba2 axb5 31.Bb1 Qc8 32.Qh2 Ra3 33.c3 Bxc3 34.Rd3 Bxe1 35.Rxa3 Qg4 36.Rf3 Nc4
37.e5 Nd2 38.Rh3 Nxb1 39.Rxh6+ Kg8 40.Rh8+ Kf7 41.e6+ Kg6 42.f5+ Kxf5 43.Rf8+ Kg5
44.Rf7 Rg6 45.Ng1 Bg3 46.Qh7 Rh6+ 47.Nh3+ Qxh3+ 48.gxh3 Rxh7 49.Rxh7 Nc3
50.Rxe7 Nxd5 51.Rg7+ Kh4 52.Rh7+ Kg5 53.Rg7+  1/2-1/2

[Event "7th Gibtelecom Masters"]
[Site "Caleta ENG"]
[Date "2009.02.03"]
[Round "8"]
[White "Tate,A"]
[Black "Pali,G"]
[Result "1-0"]
[WhiteElo "2170"]
[BlackElo "2049"]

1.e4 d6 2.d4 g6 3.Nc3 Bg7 4.Be3 c6 5.h3 b5 6.Nf3 Bb7 7.Bd3 Nd7 8.O-O b4 9.Ne2 e6
10.a3 bxa3 11.Rxa3 d5 12.Qa1 c5 13.exd5 Bxd5 14.dxc5 Ne7 15.Ng3 a5 16.Be4 O-O
17.c3 Bxe4 18.Nxe4 Nf5 19.b4 Nxe3 20.fxe3 axb4 21.Rxa8 Qxa8 22.Qxa8 Rxa8
23.cxb4 Rb8 24.c6 Nb6 25.Rb1 Nd5 26.b5 Kf8 27.Nc5 Ke7 28.Na6 Rb6 29.Nd2 Nc3
30.Nc4 Rxb5 31.Rxb5 Nxb5 32.c7 Na7 33.Nb6 Kd6 34.c8=Q Nxc8 35.Nxc8+ Kc6 36.Nb4+ Kc7
37.Na7 Kb6 38.Nc8+ Kc7 39.Na7 Kb6 40.Nbc6 Bf8 41.Kf2 f6 42.Kf3 Kb7 43.Ke4 Bc5
44.Nd8+ Kxa7 45.Nxe6 f5+ 46.Kf4 Be7 47.Ng5 h5 48.Nf7 Kb7 49.Nh8 g5+ 50.Kxf5 g4
51.hxg4 hxg4 52.Kxg4 Kc7 53.Kf5 Kd7 54.g4 Bc5 55.e4 Ke7 56.g5 Bd4 57.Ng6+ Kf7
58.e5 Bc3 59.Nf4 Bb2 60.g6+ Kg7 61.Ne6+ Kg8 62.Kf6 Bc3 63.Nf4 Be1 64.Nh5 Bh4+
65.Ke6 Bg5 66.Kd7  1-0

[Event "7th Gibtelecom Masters"]
[Site "Caleta ENG"]
[Date "2009.02.04"]
[Round "9"]
[White "Urbina Perez,J"]
[Black "Ercan,F"]
[Result "1-0"]
[WhiteElo "2215"]
[BlackElo "2091"]

1.e4 d6 2.d4 g6 3.Nc3 Bg7 4.Be3 Nd7 5.Qd2 e5 6.f4 exd4 7.Bxd4 Bxd4 8.Qxd4 Qf6
9.Qd2 Nb6 10.Nf3 Bd7 11.Bd3 O-O-O 12.O-O Ne7 13.a4 Kb8 14.a5 Nbc8 15.b4 c6
16.e5 Qg7 17.Ne4 d5 18.Nc5 Bf5 19.b5 b6 20.axb6 axb6 21.Rfb1 Bxd3 22.Qxd3 Kc7
23.bxc6 Nxc6 24.Na6+ Kb7 25.Nc5+ Kc7 26.Qa6  1-0

[Event "7th Gibtelecom Masters"]
[Site "Caleta ENG"]
[Date "2009.02.04"]
[Round "9"]
[White "White,Mi"]
[Black "Hommeles,T"]
[Result "0-1"]
[WhiteElo "2252"]
[BlackElo "2410"]

1.e4 g6 2.d4 Bg7 3.Nc3 d6 4.Be3 c6 5.Qd2 b5 6.h4 Nf6 7.f3 Nbd7 8.O-O-O Qa5
9.Kb1 Nb6 10.Bh6 Bxh6 11.Qxh6 Be6 12.d5 cxd5 13.Bxb5+ Kd8 14.Nge2 Rc8 15.Nd4 Nc4
16.Nb3 Na3+ 17.Ka1 Nxc2+ 18.Kb1 Na3+ 19.Ka1 Qb4 20.Nxd5 Bxd5  0-1

[Event "7th Gibtelecom Masters"]
[Site "Caleta ENG"]
[Date "2009.02.05"]
[Round "10"]
[White "Nemeth,Mi1"]
[Black "Nithander,V"]
[Result "1/2-1/2"]
[WhiteElo "2472"]
[BlackElo "2369"]

1.e4 g6 2.d4 Bg7 3.Nc3 d6 4.Be3 a6 5.f4 b5 6.Bd3 Nd7 7.Nf3 Bb7 8.e5 Nh6 9.a4 b4
10.Ne4 Nb6 11.a5 Nd5 12.Bd2 Nf5 13.Qe2 e6 14.c3 bxc3 15.bxc3 h5 16.Rb1 Qc8
17.O-O Nde7 18.Nfg5 Bxe4 19.Nxe4 O-O 20.Rfe1 Rd8 21.h3 h4 22.Qg4 Rb8 23.exd6 cxd6
24.Ng5 Rxb1 25.Bxb1 Qc4 26.Kh2 Rb8 27.Qf3 Qd5 28.Qxd5 Nxd5 29.Bd3 Rb2 30.Bc1 Ra2
31.c4 Nde7 32.d5 Bc3 33.Re2 Rxe2 34.Bxe2 exd5 35.cxd5 Bxa5 36.Bxa6 Nxd5 37.Bc4 Nfe3
38.Bxe3 Nxe3 39.Bxf7+ Kg7 40.Be8 Be1 41.Bb5 Bg3+ 42.Kg1 d5 43.Bd3 Kf6 44.Nf3 Bxf4  1/2-1/2

[Event "Open A"]
[Site "Moscow RUS"]
[Date "2009.02.06"]
[Round "7"]
[White "Kurnosov,I"]
[Black "Ajrapetjan,Y"]
[Result "1/2-1/2"]
[WhiteElo "2602"]
[BlackElo "2490"]

1.e4 g6 2.d4 Bg7 3.Nc3 d6 4.Bg5 c5 5.dxc5 Qa5 6.Qd2 Bxc3 7.bxc3 Qxc5 8.Bd3 Nd7
9.Ne2 Ngf6 10.O-O O-O 11.Be3 Qa5 12.f4 Ng4 13.Bd4 e5 14.h3 exd4 15.hxg4 dxc3
16.Qxc3 Qc5+ 17.Kh2 b6 18.Qb2 Bb7 19.Ng3 Rac8 20.c4 Qc7 21.Rad1 Nc5 22.Bb1 Rfe8
23.Qd4 Ne6 24.Qxd6  1/2-1/2

[Event "TCh-NED 2008-9"]
[Site "Netherlands NED"]
[Date "2009.02.07"]
[Round "5"]
[White "Kodentsov,G"]
[Black "Roobol,M"]
[Result "1/2-1/2"]
[WhiteElo "2285"]
[BlackElo "2330"]

1.e4 g6 2.d4 Bg7 3.Nc3 d6 4.f4 Nf6 5.Nf3 O-O 6.Bd3 Na6 7.O-O c5 8.d5 Bg4
9.Bc4 Nc7 10.h3 Bxf3 11.Qxf3 e6 12.dxe6 fxe6 13.Rd1 Qe7 14.Be3 Nd7 15.Qf2 Rad8
16.a4 Ne5 17.Ba2 a6 18.Ne2 Nc6 19.c3 Kh8 20.g4 b6 21.Qg3 d5 22.e5 g5 23.fxg5 Bxe5
24.Qg2 Ne8 25.Rf1 Nd6 26.Rad1 Rxf1+ 27.Rxf1 Rf8 28.Rxf8+ Qxf8 29.Bb1 Ne7
30.h4 Ng6 31.Bxg6 hxg6 32.h5 gxh5 33.gxh5 Qf5 34.h6 Kh7 35.Qf2 Qxf2+ 36.Kxf2 Ne4+
37.Kf3 Kg6 38.Nf4+ Bxf4 39.Kxf4 Nxg5 40.Ke5 Nf3+ 41.Kxe6 d4 42.cxd4 cxd4
43.Bxd4 Nxd4+ 44.Kd5 Nb3 45.Kc6 Na5+ 46.Kxb6 Nc4+ 47.Kxa6 Nxb2 48.Kb5 Nxa4
49.Kxa4 Kxh6  1/2-1/2

[Event "TCh-FIN"]
[Site "Finland FIN"]
[Date "2009.02.15"]
[Round "7"]
[White "Kytoniemi,J"]
[Black "Makinen,I"]
[Result "1/2-1/2"]
[WhiteElo "2268"]
[BlackElo "2141"]

1.d4 g6 2.e4 Bg7 3.Nc3 d6 4.Be3 c6 5.Qd2 Nd7 6.g4 h5 7.gxh5 Rxh5 8.Be2 Rh8
9.O-O-O e5 10.dxe5 dxe5 11.Nf3 Qe7 12.Kb1 Ngf6 13.Ng5 Nh7 14.Bg4 Nxg5 15.Bxg5 f6
16.Be3 Nb6 17.Qe2 Be6 18.h4 Nc4 19.Bc5 Qf7 20.Bxe6 Qxe6 21.h5 b6 22.Be3 g5
23.b3 Nxe3 24.Qxe3 Rd8 25.Rxd8+ Kxd8 26.Ne2 Kc7 27.Ng3 Qg4 28.Qe2 Qf4 29.Rd1 Rd8
30.Rxd8 Kxd8 31.c3 Bf8 32.Kc2 Bc5 33.Nf5 Ke8 34.f3 Ba3 35.Ne3 Bc5 36.Nf5 Ba3
37.Ne3 Bc5 38.Nf5 Ba3 39.Kd3 Qc1 40.h6 Qb1+ 41.Qc2 Qf1+ 42.Qe2 Qb1+  1/2-1/2